Les 10 voitures de base de rocket league - Statistiques

Statistiques générales
  • Ce quiz a été pris 187 fois
  • Le résultat moyen est 3 sur 10
Statistiques - réponses
Réponse % Correct
Octane
99%
Merc
52%
Breakout
46%
Paladin
20%
Road Hog
18%
Backfire
15%
Hotshot
13%
Venom
13%
Gizmo
11%
X-Devill
1%
Aucun quiz correspondant
Distribution des résultats
% des personnes avec chaque résultat
Percentile par nombre de réponses
Votre historique - résultats
Vous n’avez pas pris ce quiz